000 00754nam a22002177a 4500
005 20170124110055.0
010 _aA-305476
020 _c225.00
035 _aA-305476
037 _bCen Lib/Ret
040 _aDPL
_bEN
082 _a954.01
_bAIY
100 _aAiyer, Velandai Gopala
_926321
245 _aThe chronology of ancient India :
_cby Velandai Gopala Aiyer
_bbeginning of the Sat Yuga, Dwaper, Treta, and Kali Yuga with date of Mahabharata /
260 _aDelhi
_bSanjay Prakashan
_c1987
270 _bDelhi
_aix/5997, Gandhi Nagar
_e110031
300 _avi,191p.
_c21cm(Hb)
650 _aIndia -- History -- To 324 B.C.
_922963
650 _aIndia -- History -- 324 B.C.-1000 A.D.
_922964
942 _2ddc
_cEN
_h954.01
_mAIY
999 _c129421
_d129421